000 01180nam a22003377a 4500
003 CHAP
005 20220329133947.0
008 971013s1992 r 00010 d
010 _a13278
011 _a14250
035 _a18323
040 _cCHAP
090 _aTesis
100 0 0 _aReyes Pérez, Alfredo.
_996944
245 _aEstudio químico de
_b: Salvia regla Cav., Salvia roemeriana Scheele y Salvia parryi Gray
260 _aMonterrey, N.L. :
_bEl autor,
_c1992
300 _a99 h.
_b: ilus. ; gráfs.
502 _aTesis (M.C. Esp. en Química Orgánica) -- ITESM. División de Graduados e Investigación. Programa de Graduados en Química
590 _aALEPH
_b10
_c20130110
_lUCH01
_h1232
590 _aBATCH-UPD
_b10
_c20130109
_lUCH01
_h2358
590 _aBATCH-UPD
_b10
_c20130110
_lUCH01
_h1020
590 _aBATCH-UPD
_b10
_c20130409
_lUCH01
_h1933
590 _aBATCH-UPD
_b10
_c20130914
_lUCH01
_h1814
590 _aCONVERSION
_b10
_c20130109
_lUCH01
_h1309
650 1 4 _aMetabolitos.
_975157
650 1 4 _aPlantas
_xMetabolismo.
_988858
650 1 4 _aSalvia hispanica.
_9101874
901 _aBK
942 _cTESIS
949 _bBC
_cTES
_d-42788
_eTS1
_h30249
_i18323
_si
999 _c13278
_d13278